Quiz sulla città di Modena - Statistics

Statistiche generali
  • Questo quiz è stato fatto 226 volte
  • Il punteggio medio è 11 su 20
Statistiche sulle risposte
Descrizione Risposta % Corretto
Regione administrativa in quale si trova Modena Emilia-Romagna
97%
Prodotto culinario, per quale Modena ha una reputazione mondiale Aceto {balsamico}
91%
Famosa scuderia con sede a Maranello Ferrari
91%
Tenoro italiano nato e morto a Modena, 1935-2007 Luciano Pavarotti
85%
Azienda di figurine autoadesive Panini
80%
Maggiore città di questa regione culturalmente associata a Modena Reggio Emilia
73%
Altre maggiore aziende automobilistiche di Modena Maserati
65%
Vino rosé frizzante tipico Lambrusco
63%
Affluenti del Po e fiumi principali di Modena Secchia
59%
Affluenti del Po e fiumi principali di Modena Panaro
58%
Comune vicina che è il centro italiano della produzione di piastrelle ceramiche Sassuolo
56%
Titolo del reggente di Modena, 1452-1859 Duca
55%
Nome di Modena all'epoca romana Mutina
53%
Nome della torre civica, il più alto edificio di Modena Ghirlandina
52%
Santo patrono che è stato vescovo di Modena Geminiano
45%
Altre maggiore aziende automobilistiche di Modena Pagani
38%
Cigliegia di dolci prodotta nella regione di Modena Amarena
26%
Zona atorno a Modena, in quale è successa una seria di omicidi comunisti dopo la seconda guerra mondiale {Triangolo} della morte
25%
Repubblica di breve durata proclamata a Modena nel 1796 Repubblica {Cispadana}
19%
Editore che creò l'istituto per la Propaganda della Cultura Italiana nel 1920 Angelo Fortunato Formiggini
11%
Nessun quiz corrispondente trovato
Distribuzione punteggi
Percentuale di utenti per punteggio
Percentile per numero di risposta
I tuoi punteggi nel tempo
Non hai fatto questo quiz